Statistics for Largest North American Cities

Click here to take the quiz!

General Stats

  • This quiz has been taken 140 times
  • The average score is 19 of 25

Answer Stats

PopulationCityCountry% Correct
20,182,305New York CityUnited States
100%
6,656,947HoustonUnited States
98%
13,340,068Los AngelesUnited States
98%
21,339,771Mexico CityMexico
98%
9,551,031ChicagoUnited States
97%
7,102,796Dallas–Fort WorthUnited States
96%
6,129,934TorontoCanada
95%
6,012,331MiamiUnited States
90%
4,774,321BostonUnited States
89%
3,733,580SeattleUnited States
88%
4,656,132San Francisco–OaklandUnited States
86%
4,060,692MontrealCanada
85%
6,069,875PhiladelphiaUnited States
83%
3,299,521San DiegoUnited States
83%
6,097,684Washington D.C.United States
82%
4,574,531PhoenixUnited States
80%
5,710,795AtlantaUnited States
79%
2,814,330DenverUnited States
75%
4,302,043DetroitUnited States
72%
3,524,583Minneapolis–St. PaulUnited States
66%
4,796,050GuadalajaraMexico
64%
4,477,614MonterreyMexico
49%
2,975,225Tampa–St. PetersburgUnited States
44%
2,954,767Puebla–TlaxcalaMexico
25%
4,489,159Inland EmpireUnited States
21%

Score Distribution

Percentile by Number Answered

Percent of People with Each Score

Your Score History

You have not taken this quiz